000 00703nam a2200253Ia 4500
003 OSt
005 20220925220523.0
006 a|||||r|||| 00| 0
007 ta
008 220923b |||||||| |||| 00| 0 eng d
020 _a0333409914
037 _cGeneral Book
040 _aRTL
_cRTL
_beng
041 _2eng
_aeng
082 _aY:32178.3.N8, M7
100 _aParkinson Lisa
_9284968
245 0 _aSeparation, divorce and families
260 _aLondon
_bMacmillan
_c1987
300 _axiii,173p
_ccm.
490 _aPractical social work
500 _aBibliography : P 159-169
942 _hY:32178.3.N8, M7
_cGB
_2CC
999 _c571719
_d571719